Answers Contain "Small" - Statistics

General Stats
  • This quiz has been taken 316 times
    167 since last reset
  • The average score is 8 of 15
Answer Stats
Hint Answer % Correct
Disease eradicated in the late 70's smallpox
99%
Where most of the end absorption of food takes place small intestine
94%
Informal type of discourse that does not cover any functional topics of conversation small talk
81%
Where Clark Kent grew up Smallville
81%
A privately owned corporation, partnership, or sole proprietorship that has fewer employees and/or less annual revenue than a regular-sized one small business
69%
Water-based dark ride at Disney World, famous for its repetitive soundtrack It's a Small World
60%
1976 Tom Waits album, or perhaps a collection of nickels and dimes Small Change
58%
1985 John Mellencamp song about his experiences growing up in Indiana Small Town
50%
1999: Blink-182's highest-charting song All the Small Things
40%
One of the five positions in a regulation basketball game small forward
38%
1975 film and 1978–90 series about British veterinary surgeon James Herriot All Creatures Great and Small
37%
1965: Founding of this English rock band, one of the most influential mod groups Small Faces
28%
1998 Joe Dante film about a war between two factions of sentient action figures Small Soldiers
28%
Adjective meaning "insignificant in performance, scope, or standing" small-time
16%
1985–89: TV show about an engineer who tries to pass off a robot girl as his daughter Small Wonder
14%
No matching quizzes found
Score Distribution
Percent of People with Each Score
Percentile by Number Answered
Your Score History
You have not taken this quiz since the last reset